[Event "FIDE WCC Blitz Women 2019"]
[Site "Moscow"]
[Date "2019.12.29"]
[Round "7.60"]
[White "Manakova, Maria"]
[Black "Afonasieva, Anna"]
[Result "1/2-1/2"]
[WhiteElo "2149"]
[BlackElo "2099"]
[Annotator "NA"]
[PlyCount "130"]
[EventDate "2019.12.29"]
[EventType "swiss"]
[EventCountry "RUS"]
[SourceTitle "playchess.com"]
[Source "ChessBase"]
[SourceQuality "1"]

1. e4 c6 2. d4 d5 3. exd5 cxd5 4. c4 Nf6 5. Nc3 Nc6 6. Nf3 e6 7. cxd5 Nxd5 8. Be2 Be7 9. O-O O-O 10. a3 b6 11. Be3 Bb7 12. Qd2 Bf6 13. Ne4 Be7 14. Bg5 f6 15. Bh4 Rc8 16. h3 Na5 17. Rad1 Nc4 18. Bxc4 Rxc4 19. Rfe1 Qd7 20. Bg3 Rfc8 21. Rc1 Rxc1 22. Rxc1 Rxc1+ 23. Qxc1 Qc6 24. Qxc6 Bxc6 25. Nfd2 f5 26. Nc3 Nxc3 27. bxc3 Bxa3 28. Nc4 Be7 29. Bb8 b5 30. Ne5 Bd5 31. Bxa7 Ba3 32. Bb6 Kf8 33. Kf1 Ke7 34. Ke2 Bxg2 35. f3 Bxh3 36. Nc6+ Kd6 37. Na7 Bb2 38. Kd2 Kd5 39. Kc2 Ba3 40. Nxb5 Kc6 41. Nxa3 Kxb6 42. Nc4+ Kc6 43. Ne5+ Kd5 44. Nd3 g5 45. Kd2 Bf1 46. Ne5 h5 47. Ke1 Ba6 48. Nd7 h4 49. Kf2 Kc4 50. Nf8 Bc8 51. Nh7 g4 52. fxg4 fxg4 53. Nf6 g3+ 54. Kg2 Kxc3 55. d5 e5 56. d6 Kd2 57. d7 Bxd7 58. Nxd7 e4 59. Ne5 Ke3 60. Ng6 h3+ 61. Kxg3 h2 62. Kxh2 Kf2 63. Ne5 e3 64. Ng4+ Kf3 65. Nxe3 Kxe3 1/2-1/2

[Event "FIDE WCC Blitz Women 2019"]
[Site "Moscow"]
[Date "2019.12.29"]
[Round "7.61"]
[White "Nur-Mukhametova, Alisa"]
[Black "Guindy, Esmat Susanne"]
[Result "1-0"]
[WhiteElo "1832"]
[BlackElo "2120"]
[Annotator "NA"]
[PlyCount "71"]
[EventDate "2019.12.29"]
[EventType "swiss"]
[EventCountry "RUS"]
[SourceTitle "playchess.com"]
[Source "ChessBase"]
[SourceQuality "1"]

1. e4 e6 2. d4 d5 3. Nd2 Nf6 4. e5 Nfd7 5. Bd3 c5 6. c3 Nc6 7. Ne2 cxd4 8. cxd4 f6 9. exf6 Nxf6 10. Nf3 Bd6 11. O-O O-O 12. Re1 Nh5 13. Bg5 Qc7 14. Ng3 Nf4 15. Bxf4 Bxf4 16. a3 Bd7 17. Qc2 h6 18. b4 Rae8 19. Rad1 Qd8 20. Bg6 Re7 21. Bh7+ Kh8 22. Nh4 Be8 23. Bg6 Rf6 24. Nh5 Bg5 25. Nxf6 Bxh4 26. Bxe8 gxf6 27. Bxc6 bxc6 28. Qxc6 Qe8 29. Qxe8+ Rxe8 30. g3 Bg5 31. f4 e5 32. dxe5 fxe5 33. fxg5 d4 34. Rxd4 hxg5 35. Rde4 Kg7 36. Rxe5 1-0

[Event "FIDE WCC Blitz Women 2019"]
[Site "Moscow"]
[Date "2019.12.29"]
[Round "8.1"]
[White "Tan, Zhongyi"]
[Black "Lagno, Kateryna"]
[Result "0-1"]
[WhiteElo "2480"]
[BlackElo "2606"]
[Annotator "ChessBase"]
[PlyCount "104"]
[EventDate "2019.12.29"]
[EventType "swiss"]
[EventCountry "RUS"]
[SourceTitle "playchess.com"]
[Source "ChessBase"]
[SourceQuality "1"]

1. d4 Nf6 2. Bg5 d5 3. Bxf6 gxf6 4. e3 c5 5. Nf3 Nc6 6. c4 cxd4 7. cxd5 Qxd5 8. Nc3 Qa5 9. Nxd4 Bd7 10. Be2 Bg7 11. Bf3 Ne5 12. O-O O-O 13. Nd5 e6 14. Nf4 Nxf3+ 15. Nxf3 Bc6 16. Nd4 Be4 17. Nh5 Qg5 18. Ng3 f5 19. Nxe4 fxe4 20. Qc2 Qe5 21. Rac1 Rad8 22. b3 a6 23. Rfd1 Rd7 24. Ne2 Rdd8 25. Ng3 f5 26. Nh5 Bh6 27. g3 Bg5 28. Kg2 Kh8 29. Rxd8 Rxd8 30. Qc7 Qxc7 31. Rxc7 Rd2 32. Rxb7 h6 33. Nf4 e5 34. Ng6+ Kg8 35. Kf1 f4 36. exf4 exf4 37. gxf4 Bf6 38. a4 Bd4 39. Ne7+ Kf8 40. Ng6+ Kg8 41. Ne7+ Kf8 42. Ke1 Rxf2 43. Nc6 Be3 44. Rb8+ Kg7 45. Ne7 Bc5 46. Nd5 Rxh2 47. Rb7+ Kg6 48. Rc7 Bd4 49. Ne7+ Kh5 50. Rd7 Bc3+ 51. Kd1 e3 52. Rd5+ Kg4 0-1

[Event "FIDE WCC Blitz Women 2019"]
[Site "Moscow"]
[Date "2019.12.29"]
[Round "8.2"]
[White "Socko, Monika"]
[Black "Koneru, Humpy"]
[Result "0-1"]
[WhiteElo "2286"]
[BlackElo "2489"]
[Annotator "ChessBase"]
[PlyCount "106"]
[EventDate "2019.12.29"]
[EventType "swiss"]
[EventCountry "RUS"]
[SourceTitle "playchess.com"]
[Source "ChessBase"]
[SourceQuality "1"]

1. d4 Nf6 2. c4 e6 3. g3 d5 4. Nf3 dxc4 5. Bg2 Bb4+ 6. Nbd2 b5 7. O-O O-O 8. a4 c6 9. Ne1 Nd5 10. e4 Nb6 11. a5 N6d7 12. Nc2 Bxa5 13. e5 Bc7 14. Ne4 f6 15. exf6 Nxf6 16. Bg5 Nbd7 17. Qe2 Qe8 18. Rae1 Rb8 19. Ne3 Nxe4 20. Bxe4 Nf6 21. Bb1 Ba5 22. Rd1 Bd7 23. Ng4 Nxg4 24. Qxg4 Bb4 25. Qh4 h6 26. Bf4 Be7 27. Qg4 e5 28. Qe2 exf4 29. Qe4 Bf5 30. Qe5 Bxb1 31. Rxb1 fxg3 32. hxg3 Bf6 33. Qc5 Qd7 34. Rbd1 Rbd8 35. Qh5 Rfe8 36. Qg6 Qf7 37. Qc2 Rxd4 38. Rde1 a5 39. Qc3 Rxe1 40. Qxe1 b4 41. Qe3 Rd8 42. Qb6 c3 43. bxc3 bxc3 44. Qxa5 Qd5 45. Qa4 Qd3 46. Qxc6 Kh8 47. Re1 Qd7 48. Qc4 Qd2 49. Re2 Qd1+ 50. Kh2 Qd7 51. Re4 Rc8 52. Qf1 c2 53. Rc4 Bb2 0-1

[Event "FIDE WCC Blitz Women 2019"]
[Site "Moscow"]
[Date "2019.12.29"]
[Round "8.3"]
[White "Lei, Tingjie"]
[Black "Harika, Dronavalli"]
[Result "1/2-1/2"]
[WhiteElo "2543"]
[BlackElo "2445"]
[Annotator "ChessBase"]
[PlyCount "130"]
[EventDate "2019.12.29"]
[EventType "swiss"]
[EventCountry "RUS"]
[SourceTitle "playchess.com"]
[Source "ChessBase"]
[SourceQuality "1"]

1. e4 e6 2. d4 d5 3. Nc3 Bb4 4. e5 Qd7 5. a3 Bxc3+ 6. bxc3 b6 7. a4 Nc6 8. Ba3 Bb7 9. Nf3 Nge7 10. Bd3 h6 11. Nd2 O-O-O 12. O-O Na5 13. Bb4 Nec6 14. Bb5 Nc4 15. a5 a6 16. Bxc6 Qxc6 17. Nb3 f6 18. exf6 gxf6 19. Qf3 e5 20. Rfe1 Rhg8 21. axb6 cxb6 22. Be7 Rde8 23. Bxf6 e4 24. Qh3+ Kb8 25. Be5+ Ka7 26. Bf4 Rg6 27. f3 Rf8 28. Bg3 exf3 29. Re7 Rgf6 30. gxf3 Rxf3 31. Qd7 Qxd7 32. Rxd7 R8f7 33. Rxf7 Rxf7 34. Rf1 Rxf1+ 35. Kxf1 a5 36. Ke2 a4 37. Nc1 Bc8 38. Na2 a3 39. Nb4 Bf5 40. Bf4 h5 41. h4 Kb7 42. Kd1 Be4 43. Kc1 Nb2 44. Kb1 Nc4 45. Ka2 b5 46. Kb3 Kb6 47. Bc1 Na5+ 48. Kxa3 Nc6 49. Nd3 Bxd3 50. cxd3 b4+ 51. cxb4 Kb5 52. Bd2 Nxd4 53. Bc3 Nf3 54. Bf6 Ne1 55. d4 Nc2+ 56. Kb2 Nxb4 57. Kc3 Nc6 58. Kd3 Kb4 59. Bg7 Kb3 60. Bf6 Nb4+ 61. Ke3 Kc4 62. Kf4 Nc6 63. Kg5 Nxd4 64. Kxh5 Nf5 65. Kg5 Nxh4 1/2-1/2

[Event "FIDE WCC Blitz Women 2019"]
[Site "Moscow"]
[Date "2019.12.29"]
[Round "8.4"]
[White "Munguntuul, Batkhuyag"]
[Black "Stefanova, Antoaneta"]
[Result "1-0"]
[WhiteElo "2282"]
[BlackElo "2452"]
[Annotator "ChessBase"]
[PlyCount "51"]
[EventDate "2019.12.29"]
[EventType "swiss"]
[EventCountry "RUS"]
[SourceTitle "playchess.com"]
[Source "ChessBase"]
[SourceQuality "1"]

1. e4 e5 2. Nf3 Nc6 3. Bb5 a6 4. Ba4 Nf6 5. d3 b5 6. Bb3 Bc5 7. Nc3 d6 8. Nd5 h6 9. c3 Ba7 10. a3 O-O 11. Nxf6+ Qxf6 12. Bd5 Bb7 13. g4 Rab8 14. g5 hxg5 15. Bxg5 Qg6 16. Rg1 Qh5 17. Bf6 g6 18. Rg5 Qh7 19. Rg4 Nd4 20. cxd4 Bxd5 21. Rh4 Qxh4 22. Nxh4 Be6 23. Qd2 Kh7 24. Qg5 Bxd4 25. Nf5 Rh8 26. Qh6+ 1-0

[Event "FIDE WCC Blitz Women 2019"]
[Site "Moscow"]
[Date "2019.12.29"]
[Round "8.5"]
[White "Guichard, Pauline"]
[Black "Kosteniuk, Alexandra"]
[Result "0-1"]
[WhiteElo "2335"]
[BlackElo "2521"]
[Annotator "ChessBase"]
[PlyCount "102"]
[EventDate "2019.12.29"]
[EventType "swiss"]
[EventCountry "RUS"]
[SourceTitle "playchess.com"]
[Source "ChessBase"]
[SourceQuality "1"]

1. c4 Nf6 2. Nf3 c5 3. Nc3 Nc6 4. e3 e6 5. d4 d5 6. cxd5 Nxd5 7. Bb5 Qb6 8. Bxc6+ bxc6 9. O-O Ba6 10. Re1 c4 11. Na4 Qc7 12. Bd2 Be7 13. e4 Nf4 14. Ne5 Ng6 15. Nxg6 hxg6 16. h3 Rd8 17. Be3 g5 18. Qf3 Rh4 19. Rad1 g4 20. Qg3 Qxg3 21. fxg3 Rh5 22. hxg4 Ra5 23. Nc3 Rb8 24. Re2 Bb4 25. Kf2 Bxc3 26. bxc3 Ra3 27. Rc2 Bb5 28. Rb1 Rb6 29. Bc1 Ra5 30. Be3 Ba4 31. Rxb6 axb6 32. Rb2 b5 33. Ke2 Ke7 34. g5 Ra8 35. Kd2 Rh8 36. Rb1 Rh2 37. Rg1 f6 38. gxf6+ gxf6 39. Ke2 Bc2 40. Kf3 f5 41. exf5 exf5 42. g4 fxg4+ 43. Kxg4 Rh8 44. Kf3 Ra8 45. Ra1 Ke6 46. g4 Rf8+ 47. Kg3 Kd5 48. g5 Ke4 49. Bd2 Kd3 50. Be1 Ke2 51. Rb1 Bd3 0-1

[Event "FIDE WCC Blitz Women 2019"]
[Site "Moscow"]
[Date "2019.12.29"]
[Round "8.6"]
[White "Gunina, Valentina"]
[Black "Dzagnidze, Nana"]
[Result "1-0"]
[WhiteElo "2366"]
[BlackElo "2432"]
[Annotator "NA"]
[PlyCount "59"]
[EventDate "2019.12.29"]
[EventType "swiss"]
[EventCountry "RUS"]
[SourceTitle "playchess.com"]
[Source "ChessBase"]
[SourceQuality "1"]

1. d4 Nf6 2. c4 e6 3. Nf3 d5 4. Nc3 Bb4 5. Bg5 h6 6. Bxf6 Qxf6 7. Qa4+ Nc6 8. e3 O-O 9. Rd1 Bd7 10. Qc2 Rad8 11. a3 Bxc3+ 12. Qxc3 Rfe8 13. Be2 Bc8 14. O-O Ne7 15. Ne5 c6 16. Bd3 dxc4 17. Qxc4 Nd5 18. Bb1 g6 19. Qc2 Qg7 20. Rfe1 Nf6 21. Qa4 a6 22. Qa5 Nd7 23. Nc4 Qf8 24. h3 c5 25. Qc3 b5 26. Na5 cxd4 27. Rxd4 Nb6 28. Red1 Rxd4 29. Rxd4 Rd8 30. Ba2 1-0

[Event "FIDE WCC Blitz Women 2019"]
[Site "Moscow"]
[Date "2019.12.29"]
[Round "8.7"]
[White "Voit, Daria"]
[Black "Saduakassova, Dinara"]
[Result "1-0"]
[WhiteElo "2293"]
[BlackElo "2390"]
[Annotator "TA"]
[PlyCount "103"]
[EventDate "2019.12.29"]
[EventType "swiss"]
[EventCountry "RUS"]
[SourceTitle "playchess.com"]
[Source "ChessBase"]
[SourceQuality "1"]

1. d4 Nf6 2. Nf3 e6 3. c4 b6 4. g3 Ba6 5. b3 d5 6. Bg2 Bb4+ 7. Bd2 Be7 8. O-O O-O 9. Bc3 Bb7 10. Ne5 Nbd7 11. Qc2 c6 12. Rd1 Qc7 13. Nxd7 Qxd7 14. Nd2 Rad8 15. e4 dxe4 16. Nxe4 Nxe4 17. Bxe4 f5 18. Bg2 Bf6 19. c5 Rfe8 20. b4 Ba6 21. Bb2 Rc8 22. Rd2 Qf7 23. Re1 Red8 24. Qa4 Bb5 25. Qb3 e5 26. d5 bxc5 27. bxc5 Rb8 28. Bxe5 Bxe5 29. Rxe5 Bf1 30. Qf3 Bxg2 31. Kxg2 Rxd5 32. Rexd5 cxd5 33. Rxd5 g6 34. c6 Rc8 35. Rd7 Qe6 36. Qc3 Qxc6+ 37. Qxc6 Rxc6 38. Rxa7 Rc2 39. Kf3 h6 40. h4 Rb2 41. Ke3 Kf8 42. f3 Kg8 43. Kf4 Rf2 44. a4 Kf8 45. a5 Ke8 46. a6 Ra2 47. Ke5 Kd8 48. Kf6 Ra3 49. f4 Rxg3 50. Rh7 Kc8 51. a7 Ra3 52. Kxg6 1-0

[Event "FIDE WCC Blitz Women 2019"]
[Site "Moscow"]
[Date "2019.12.29"]
[Round "8.8"]
[White "Paehtz, Elisabeth"]
[Black "Charochkina, Daria"]
[Result "0-1"]
[WhiteElo "2380"]
[BlackElo "2212"]
[Annotator "NA"]
[PlyCount "118"]
[EventDate "2019.12.29"]
[EventType "swiss"]
[EventCountry "RUS"]
[SourceTitle "playchess.com"]
[Source "ChessBase"]
[SourceQuality "1"]

1. d4 d6 2. e4 Nf6 3. Nc3 g6 4. Be3 a6 5. h3 b5 6. e5 Nfd7 7. Qf3 Ra7 8. Qg3 Nb6 9. Nf3 Bg7 10. h4 h6 11. Bd3 Nc4 12. Bxc4 bxc4 13. O-O-O d5 14. h5 g5 15. Ng1 Bf5 16. Nge2 e6 17. Qf3 c6 18. g4 Bh7 19. Qg3 Rb7 20. f4 gxf4 21. Bxf4 Rg8 22. Qe3 Nd7 23. Bxh6 Bh8 24. Rhf1 c5 25. Qf3 Nb8 26. dxc5 Bxe5 27. Nd4 Qa5 28. Rfe1 Bxd4 29. Rxd4 Re7 30. Bf4 Nc6 31. Rdd1 Qxc5 32. Qg3 Qb6 33. Bd6 Rb7 34. Ba3 Ne7 35. Qf3 d4 36. Na4 Qc7 37. Nc5 Rb5 38. Ne4 Kd8 39. Nf6 Rh8 40. Rxd4+ Kc8 41. Nxh7 Rxh7 42. Red1 Nd5 43. g5 Rh8 44. g6 fxg6 45. hxg6 c3 46. b3 Qg7 47. Qg4 Nc7 48. Rc4 Kb7 49. Qe4+ Rd5 50. Kb1 Rh2 51. Bc1 Rf2 52. Be3 Re2 53. Rf1 Rh2 54. a4 Re2 55. Rf7 Qh8 56. Rcxc7+ Ka8 57. Qc4 Qh1+ 58. Bc1 Qxc1+ 59. Kxc1 Re1# 0-1

[Event "FIDE WCC Blitz Women 2019"]
[Site "Moscow"]
[Date "2019.12.29"]
[Round "8.9"]
[White "Zhukova, Natalia"]
[Black "Bodnaruk, Anastasia"]
[Result "1/2-1/2"]
[WhiteElo "2239"]
[BlackElo "2375"]
[Annotator "NA"]
[PlyCount "77"]
[EventDate "2019.12.29"]
[EventType "swiss"]
[EventCountry "RUS"]
[SourceTitle "playchess.com"]
[Source "ChessBase"]
[SourceQuality "1"]

1. d4 Nf6 2. c4 g6 3. Nc3 Bg7 4. e4 d6 5. f4 O-O 6. Nf3 c5 7. d5 e6 8. dxe6 Bxe6 9. Bd3 Nc6 10. f5 Bd7 11. O-O Ng4 12. Bg5 f6 13. Bf4 Nge5 14. Be2 gxf5 15. Qxd6 Qe7 16. Qxe7 Nxe7 17. Rad1 Bc6 18. Nd5 N7g6 19. exf5 Bxd5 20. fxg6 Nxg6 21. Bd6 Bxf3 22. Bxf3 Rfe8 23. Bxb7 Rad8 24. Bxc5 Rxd1 25. Rxd1 f5 26. b4 Nf4 27. Bxa7 Re7 28. Rd8+ Kf7 29. Rb8 Be5 30. Bc5 Bxb8 31. Bxe7 Kxe7 32. c5 Nd3 33. a3 Bf4 34. Bc8 Bc1 35. Bxf5 Ne5 36. a4 Ba3 37. Bxh7 Bxb4 38. Kf2 Bxc5+ 39. Ke2 1/2-1/2

[Event "FIDE WCC Blitz Women 2019"]
[Site "Moscow"]
[Date "2019.12.29"]
[Round "8.10"]
[White "Cramling, Pia"]
[Black "Kashlinskaya, Alina"]
[Result "0-1"]
[WhiteElo "2383"]
[BlackElo "2282"]
[Annotator "NA"]
[PlyCount "66"]
[EventDate "2019.12.29"]
[EventType "swiss"]
[EventCountry "RUS"]
[SourceTitle "playchess.com"]
[Source "ChessBase"]
[SourceQuality "1"]

1. d4 Nf6 2. c4 e6 3. Nf3 d5 4. Nc3 Bb4 5. Bg5 h6 6. Bxf6 Qxf6 7. e3 O-O 8. Rc1 dxc4 9. Bxc4 c5 10. O-O cxd4 11. Ne4 Qe7 12. exd4 Rd8 13. Qc2 Nc6 14. Rfd1 Ba5 15. a3 Bb6 16. Qc3 a5 17. h3 a4 18. d5 exd5 19. Bxd5 Rxd5 20. Rxd5 Qxe4 21. Rb5 Ba7 22. Re1 Qg6 23. Re8+ Kh7 24. Nh4 Qb1+ 25. Re1 Qa2 26. Qd3+ g6 27. Re8 Bf5 28. Qe2 Nd4 29. Qe7 Rxe8 30. Qxe8 Nxb5 31. Nxf5 gxf5 32. Qxb5 Qb1+ 33. Kh2 Bxf2 0-1

[Event "FIDE WCC Blitz Women 2019"]
[Site "Moscow"]
[Date "2019.12.29"]
[Round "8.11"]
[White "Maltsevskaya, Aleksandra"]
[Black "Muzychuk, Anna"]
[Result "0-1"]
[WhiteElo "2280"]
[BlackElo "2504"]
[Annotator "ChessBase"]
[PlyCount "50"]
[EventDate "2019.12.29"]
[EventType "swiss"]
[EventCountry "RUS"]
[SourceTitle "playchess.com"]
[Source "ChessBase"]
[SourceQuality "1"]

1. e4 e5 2. Nf3 Nc6 3. Bb5 a6 4. Ba4 Nf6 5. O-O Nxe4 6. d4 b5 7. Bb3 d5 8. dxe5 Be6 9. c3 Bc5 10. Nbd2 O-O 11. Bc2 Nxf2 12. Rxf2 f6 13. Nb3 Bxf2+ 14. Kxf2 fxe5 15. Kg1 Bg4 16. Qe1 Bxf3 17. gxf3 Rxf3 18. Qe2 e4 19. Nc5 Qd6 20. Be3 Ne5 21. Rd1 Rxe3 22. Qxe3 Nf3+ 23. Kf1 Rf8 24. Ke2 Qxh2+ 25. Qf2 Ng1+ 0-1

[Event "FIDE WCC Blitz Women 2019"]
[Site "Moscow"]
[Date "2019.12.29"]
[Round "8.12"]
[White "Doluhanova, Evgeniya"]
[Black "Abdumalik, Zhansaya"]
[Result "0-1"]
[WhiteElo "2222"]
[BlackElo "2415"]
[Annotator "NA"]
[PlyCount "52"]
[EventDate "2019.12.29"]
[EventType "swiss"]
[EventCountry "RUS"]
[SourceTitle "playchess.com"]
[Source "ChessBase"]
[SourceQuality "1"]

1. Nf3 Nf6 2. b3 g6 3. Bb2 Bg7 4. c4 c5 5. Nc3 O-O 6. e3 b6 7. d4 Bb7 8. Be2 d6 9. O-O Nbd7 10. d5 Re8 11. e4 Nxe4 12. Nxe4 Bxb2 13. Rb1 Bg7 14. h4 h6 15. h5 g5 16. Qc2 Nf8 17. Rbd1 a6 18. a4 Bc8 19. Bd3 Bg4 20. Nexg5 hxg5 21. Nxg5 Bxh5 22. Bh7+ Kh8 23. g4 e5 24. f4 exf4 25. Ne4 Nxh7 26. gxh5 Bd4+ 0-1

[Event "FIDE WCC Blitz Women 2019"]
[Site "Moscow"]
[Date "2019.12.29"]
[Round "8.13"]
[White "Arabidze, Meri"]
[Black "Garifullina, Leya"]
[Result "1-0"]
[WhiteElo "2412"]
[BlackElo "2267"]
[Annotator "NA"]
[PlyCount "101"]
[EventDate "2019.12.29"]
[EventType "swiss"]
[EventCountry "RUS"]
[SourceTitle "playchess.com"]
[Source "ChessBase"]
[SourceQuality "1"]

1. d4 Nf6 2. c4 e6 3. Nf3 b6 4. g3 Bb7 5. Bg2 Bb4+ 6. Bd2 Be7 7. O-O O-O 8. Bf4 c5 9. Nc3 cxd4 10. Nxd4 Bxg2 11. Kxg2 Qc8 12. Qd3 Na6 13. b3 Nc5 14. Qf3 d6 15. Nc6 Qb7 16. Rfd1 d5 17. Nxe7+ Qxe7 18. cxd5 Nxd5 19. Nxd5 exd5 20. Rxd5 Rfe8 21. e3 Ne4 22. Re5 Qb4 23. Rd1 h6 24. Rd4 Nd2 25. Rxb4 Nxf3 26. Kxf3 Rec8 27. h4 Rc2 28. Ra4 Rd8 29. e4 Rd7 30. Rd5 Re7 31. Be3 Rc6 32. Rc4 Rf6+ 33. Ke2 Rfe6 34. f3 Rg6 35. Bf4 Rge6 36. Kf2 Rb7 37. Rd6 Ree7 38. Rdc6 b5 39. Rc2 a5 40. Rc7 a4 41. Rxe7 Rxe7 42. bxa4 bxa4 43. Rc8+ Kh7 44. Ra8 Rb7 45. Rxa4 f6 46. g4 g5 47. hxg5 hxg5 48. Be3 Rb2+ 49. Kg3 Rb1 50. Ra8 Re1 51. Bf2 1-0

[Event "FIDE WCC Blitz Women 2019"]
[Site "Moscow"]
[Date "2019.12.29"]
[Round "8.14"]
[White "Muzychuk, Mariya"]
[Black "Matveeva, Svetlana"]
[Result "1-0"]
[WhiteElo "2344"]
[BlackElo "2239"]
[Annotator "NA"]
[PlyCount "55"]
[EventDate "2019.12.29"]
[EventType "swiss"]
[EventCountry "RUS"]
[SourceTitle "playchess.com"]
[Source "ChessBase"]
[SourceQuality "1"]

1. e4 g6 2. d4 Bg7 3. Nf3 d6 4. c3 Nf6 5. Bd3 O-O 6. O-O c5 7. dxc5 dxc5 8. a4 Nc6 9. Na3 b6 10. Qe2 Bb7 11. Bf4 Nh5 12. Be3 e5 13. Rfd1 Qe7 14. Ba6 Nf4 15. Bxf4 exf4 16. Bxb7 Qxb7 17. Nc4 Qe7 18. Rd6 Rac8 19. Rad1 Rc7 20. e5 Re8 21. R6d5 h6 22. Qe4 g5 23. Nd6 Rf8 24. Nf5 Qe8 25. Nxg7 Kxg7 26. h4 g4 27. Nh2 Re7 28. Nxg4 1-0

[Event "FIDE WCC Blitz Women 2019"]
[Site "Moscow"]
[Date "2019.12.29"]
[Round "8.15"]
[White "Ambartsumova, Karina"]
[Black "Girya, Olga"]
[Result "1/2-1/2"]
[WhiteElo "2254"]
[BlackElo "2337"]
[Annotator "NA"]
[PlyCount "99"]
[EventDate "2019.12.29"]
[EventType "swiss"]
[EventCountry "RUS"]
[SourceTitle "playchess.com"]
[Source "ChessBase"]
[SourceQuality "1"]

1. e4 c6 2. d4 d5 3. exd5 cxd5 4. Nf3 Nc6 5. Ne5 Nf6 6. Bb5 Bd7 7. Nxd7 Qxd7 8. c3 a6 9. Bd3 e5 10. dxe5 Nxe5 11. O-O Bd6 12. Re1 O-O 13. Bg5 Nxd3 14. Qxd3 Ne4 15. Be3 Rfe8 16. Nd2 Qc7 17. Nf3 Rad8 18. Rad1 h6 19. h3 Qa5 20. a3 Bb8 21. g3 Qa4 22. Nd4 Qd7 23. Kg2 Qe7 24. Bc1 Qf6 25. Qf3 Qb6 26. Nf5 Qg6 27. h4 h5 28. Re2 Ba7 29. Be3 Bb8 30. Bd4 Be5 31. Rde1 Kh7 32. Bxe5 Rxe5 33. Nd4 Nd2 34. Qf4 Rxe2 35. Rxe2 Ne4 36. Nf3 Nf6 37. Ng5+ Kg8 38. Qc7 Rf8 39. Qxb7 Qd3 40. Re3 Qd2 41. Rf3 Ne4 42. Nxe4 dxe4 43. Qxe4 Qxb2 44. Qb4 Qe2 45. c4 Qe4 46. c5 Qd5 47. Qc3 Rc8 48. Qe3 Qxc5 49. Qxc5 Rxc5 50. Rb3 1/2-1/2

[Event "FIDE WCC Blitz Women 2019"]
[Site "Moscow"]
[Date "2019.12.29"]
[Round "8.16"]
[White "Mammadzada, Gunay"]
[Black "Gvetadze, Sofio"]
[Result "0-1"]
[WhiteElo "2314"]
[BlackElo "2202"]
[Annotator "NA"]
[PlyCount "86"]
[EventDate "2019.12.29"]
[EventType "swiss"]
[EventCountry "RUS"]
[SourceTitle "playchess.com"]
[Source "ChessBase"]
[SourceQuality "1"]

1. e4 c5 2. Nf3 g6 3. d4 cxd4 4. Nxd4 Nc6 5. c4 Bg7 6. Be3 Nf6 7. Nc3 d6 8. Be2 O-O 9. O-O Bd7 10. Qd2 Nxd4 11. Bxd4 Bc6 12. f3 a5 13. b3 Nd7 14. Be3 Be5 15. Bd1 e6 16. Bc2 Qf6 17. Rac1 Bxc3 18. Qxd6 Rfd8 19. Qg3 Bd4 20. f4 Bxe3+ 21. Qxe3 Qe7 22. Kh1 Qc5 23. Qe2 Nf6 24. Rcd1 Nh5 25. Qf3 Qe7 26. Qe3 Rxd1 27. Bxd1 Nf6 28. Bf3 Qb4 29. h4 Rd8 30. e5 Ne8 31. h5 Qd2 32. Qb6 Qd4 33. Qxa5 b6 34. Qa7 Bxf3 35. Rxf3 Ng7 36. h6 Nf5 37. Qc7 Nxh6 38. Kh2 Nf5 39. a4 h5 40. b4 Nh4 41. Rf1 Qd2 42. Qc6 Rd5 43. Rg1 Nf3+ 0-1

[Event "FIDE WCC Blitz Women 2019"]
[Site "Moscow"]
[Date "2019.12.29"]
[Round "8.17"]
[White "Goltseva, Ekaterina"]
[Black "Bulmaga, Irina"]
[Result "0-1"]
[WhiteElo "2143"]
[BlackElo "2308"]
[Annotator "NA"]
[PlyCount "79"]
[EventDate "2019.12.29"]
[EventType "swiss"]
[EventCountry "RUS"]
[SourceTitle "playchess.com"]
[Source "ChessBase"]
[SourceQuality "1"]

1. d4 Nf6 2. c4 g6 3. Nc3 Bg7 4. e4 d6 5. Nf3 O-O 6. h3 Na6 7. Be3 e5 8. d5 Nc5 9. Nd2 a5 10. g4 c6 11. Be2 cxd5 12. cxd5 Bd7 13. a4 Ne8 14. Nc4 f5 15. gxf5 gxf5 16. Nxd6 Nxd6 17. Bxc5 Qc7 18. Bxd6 Qxd6 19. Qd2 Rac8 20. Rg1 Kh8 21. h4 Bh6 22. Qd3 Qb6 23. Nd1 fxe4 24. Qxe4 Qd4 25. Bd3 Bf5 26. Qxd4 exd4 27. Bxf5 Rxf5 28. Ke2 Rxd5 29. Kd3 Rf5 30. Rg3 Bg7 31. Rb1 Re5 32. Kd2 Bh6+ 33. Kd3 Re1 34. Rg4 Bg7 35. Re4 Rxe4 36. Kxe4 Rc2 37. Kd3 Rc6 38. f4 Rh6 39. Nf2 Rxh4 40. Rd1 0-1

[Event "FIDE WCC Blitz Women 2019"]
[Site "Moscow"]
[Date "2019.12.29"]
[Round "8.18"]
[White "Mkrtchian, Lilit"]
[Black "Gaponenko, Inna"]
[Result "1-0"]
[WhiteElo "2268"]
[BlackElo "2415"]
[Annotator "NA"]
[PlyCount "59"]
[EventDate "2019.12.29"]
[EventType "swiss"]
[EventCountry "RUS"]
[SourceTitle "playchess.com"]
[Source "ChessBase"]
[SourceQuality "1"]

1. c4 c5 2. g3 g6 3. Bg2 Bg7 4. Nc3 Nc6 5. d3 d6 6. Qd2 e5 7. b3 Nge7 8. Bb2 Be6 9. Nd5 O-O 10. e3 f5 11. Ne2 Qd7 12. O-O Rf7 13. f4 Raf8 14. h3 b6 15. Kh2 Bxd5 16. cxd5 Nb4 17. Nc3 exf4 18. gxf4 h6 19. a3 Na6 20. Ne2 Nc7 21. Bxg7 Rxg7 22. e4 g5 23. a4 a5 24. Ng3 fxe4 25. dxe4 gxf4 26. Rxf4 Rxf4 27. Qxf4 Kh7 28. Nh5 Ng6 29. Nf6+ Kh8 30. Qxh6+ 1-0

[Event "FIDE WCC Blitz Women 2019"]
[Site "Moscow"]
[Date "2019.12.29"]
[Round "8.19"]
[White "Sargsyan, Anna"]
[Black "Kovalevskaya, Ekaterina"]
[Result "1-0"]
[WhiteElo "1708"]
[BlackElo "2286"]
[Annotator "NA"]
[PlyCount "139"]
[EventDate "2019.12.29"]
[EventType "swiss"]
[EventCountry "RUS"]
[SourceTitle "playchess.com"]
[Source "ChessBase"]
[SourceQuality "1"]

1. d4 Nf6 2. c4 c5 3. d5 b5 4. cxb5 a6 5. bxa6 g6 6. Nc3 Bg7 7. Nf3 O-O 8. e4 Qa5 9. Bd2 Bxa6 10. Be2 Qb4 11. Qc2 Bxe2 12. Kxe2 Na6 13. a3 Qc4+ 14. Qd3 Qb3 15. Ne5 e6 16. d6 Rfb8 17. Nc4 Ng4 18. f4 Qb7 19. h3 Nf6 20. Kf2 Rd8 21. Be3 Rdc8 22. Rad1 Nb8 23. Rd2 Nc6 24. Bxc5 Qb3 25. e5 Nh5 26. Be3 Nb4 27. axb4 Rxc4 28. g3 Rxb4 29. Rc1 g5 30. Ne2 Rab8 31. Qxb3 Rxb3 32. Rc7 gxf4 33. gxf4 Rd8 34. Nd4 Rb4 35. Rdc2 Bh6 36. Kf3 Nxf4 37. Rc8 Rxc8 38. Rxc8+ Kg7 39. Nc2 Rb3 40. Rc3 Rxc3 41. bxc3 Ng6 42. Bd4 Kf8 43. Nb4 Bg7 44. Ke4 Ke8 45. Na6 Kd8 46. c4 Nh4 47. c5 Nf5 48. Bc3 Bh6 49. Ba5+ Kc8 50. Nc7 Bc1 51. Na8 Ba3 52. Nb6+ Kb7 53. Nxd7 Kc6 54. Nf6 Bxc5 55. d7 Be7 56. d8=Q Bxd8 57. Bxd8 Ng3+ 58. Kf4 Nf5 59. Ba5 Kc5 60. Ne4+ Kd4 61. Ng5 Ne7 62. Bb6+ Kd5 63. Nxf7 Ng6+ 64. Kg5 Nxe5 65. Nxe5 Kxe5 66. Bc7+ Ke4 67. h4 e5 68. h5 Kd4 69. Kh6 e4 70. Kxh7 1-0

[Event "FIDE WCC Blitz Women 2019"]
[Site "Moscow"]
[Date "2019.12.29"]
[Round "8.20"]
[White "Zatonskih, Anna"]
[Black "Batsiashvili, Nino"]
[Result "0-1"]
[WhiteElo "2374"]
[BlackElo "2259"]
[Annotator "NA"]
[PlyCount "54"]
[EventDate "2019.12.29"]
[EventType "swiss"]
[EventCountry "RUS"]
[SourceTitle "playchess.com"]
[Source "ChessBase"]
[SourceQuality "1"]

1. d4 Nf6 2. Nf3 d5 3. c4 e6 4. Nc3 a6 5. cxd5 exd5 6. Bg5 Be6 7. e3 Nbd7 8. Be2 h6 9. Bh4 Bd6 10. Bg3 Bxg3 11. hxg3 c6 12. O-O Bf5 13. b4 O-O 14. a4 Ne4 15. Nxe4 dxe4 16. Nd2 Qe7 17. Rb1 Nf6 18. Qc2 Nd5 19. Qb2 Qg5 20. Nc4 h5 21. b5 cxb5 22. axb5 a5 23. Ne5 h4 24. gxh4 Qxh4 25. Rbc1 Rad8 26. Rfd1 Rd6 27. Kf1 Qh1# 0-1